LEADER 01320nam a2200289 i 4500 001 000000255120 003 CaOOAMICUS 005 20170828000000.0 008 170828s2006 it u000 u ita u 013 $a234025 020 $a978-88-430-3849-7 040 $aSeMil$bita 245 10$aAntropologia, genere, riproduzione :$bla costruzione culturale della femminilità /$ca cura di Silvia Forni, Cecilia Pennacini, Chiara Pussetti. 260 $aRoma :$bCarocci,$c2006. 300 $a225 p. ;$c22 cm. 490 0 $aUniversità ;$v719. 650 4$aDonne - Identità sessuale - Antropologia culturale.$0(OLS)http://semarc/subject/46914 700 1 $aForni, Silvia.$0(OLS)http://semarc/name/94436 700 1 $aPussetti, Chiara.$0(OLS)http://semarc/name/94438 700 1 $aPennacini, Cecilia.$0(OLS)http://semarc/name/94437 830 0$aUniversità ;$v719.$0(OLS)http://semarc/title/431663 850 $aSeMil 852 $aSeMil$W1$xVenegono$y1$m3XB III 26$j205466$B205466$CSeMilBibl$Z2$F219144 $81 961 $aOmaggio: Lorenzi don Ugo 996 $6020$a978-88-430-3849-7$9(OLS)http://semarc/number/278837 996 $6245$aAntropologia, genere, riproduzione :$bla costruzione culturale della femminilità$9(OLS)http://semarc/title/411460 996 $6260$aRoma :$bCarocci$9(OLS)http://semarc/publisher/31977 LEADER 01323nam a2200241 i 4500 001 000000255178 003 CaOOAMICUS 005 20170818000000.0 008 170818s1998 it u000 u ita u 013 $a234083 040 $aSeMil$bita 245 10$aAtti del Seminario invernale Sono stato re su Israele a Gerusalemme: Salomone fra Bibbia e leggenda :$bArezzo, 23-26 gennaio 1997. 260 $aSettimello (FI) :$bBiblia,$c1998. 300 $a178 p. :$bill. ;$c21 cm. 650 4$aBibbia - Atti di congressi.$0(OLS)http://semarc/subject/17280 650 4$aBibbia - AT - Salomone - Commentari, studi, critica, interpretazioni.$0(OLS)http://semarc/subject/4787 700 1 $aSeminario invernale "Sono stato re su Israele a Gerusalemme" : Salomone fra Bibbia e leggenda <1997 ; Arezzo>.$0(OLS)http://semarc/name/94460 710 2 $aBiblia .$0(OLS)http://semarc/name/4186 850 $aSeMil 852 $aSeMil$W1$xVenegono$y1$m2Z III 162$j205524$B205524$CSeMilBibl$Z2$F219084 $81 961 $aOmaggio: Giacomoni Silvia 996 $6245$aAtti del Seminario invernale Sono stato re su Israele a Gerusalemme: Salomone fra Bibbia e leggenda :$bArezzo, 23-26 gennaio 1997$9(OLS)http://semarc/title/411500 996 $6260$aSettimello (FI) :$bBiblia$9(OLS)http://semarc/publisher/46762